| 000 | 00397cam a2200157ua 4500 | ||
|---|---|---|---|
| 020 | _a0-07-Y85906-X | ||
| 041 |
_aeng _h |
||
| 082 |
_a532.54 _bCHO/OP |
||
| 100 | _aChow, Ven Te . | ||
| 245 |
_aOpen channel hydraulics / _cVen te chow. _hTextual Documents |
||
| 260 |
_aNew York : _bMcGraw Hill Book Company , _c1973. |
||
| 300 | _a680 ; . | ||
| 504 | _a | ||
| 942 | _cBK | ||
| 999 |
_c11311 _d11311 |
||